000 00355nam a2200133Ia 4500
008 240624s9999 xx 000 0 und d
041 _aeng
082 _a658.827 SAR
100 _aSARIN SHARAD
245 _aSTRATEGIC BRAND MANAGEMENT FOR B2B MARKE
260 _c2010
_aNew Delhi
_bSage Publications India Pvt Ltd
300 _a292 : p.
365 _cRS
_b35
999 _c17480
_d17480